| 000 | 00673nam a2200229 a 4500 | ||
|---|---|---|---|
| 005 | 20241112063719.0 | ||
| 008 | 991125s1997 mx 000 0 spa u | ||
| 020 | _a9684328036 | ||
| 035 | _aUPN01000043061 | ||
| 049 | _aCG | ||
| 050 | 4 |
_aQH365 O3 _bE8 1997 |
|
| 100 | 1 |
_aDarwin, Charles, _d1809-1882 _928065 |
|
| 245 | 1 | 3 |
_aEl origen de las especies / _cCarlos Darwin ; introd. de Richard E. Leakey |
| 260 |
_aMéxico : _bPorrúa, _c1997 |
||
| 300 | _alvi, 377 p | ||
| 440 | 0 |
_aColección sepan cuantos; _v385 |
|
| 650 | 2 |
_aEvolución _94472 |
|
| 650 | 2 |
_aOrigen de las especies _94473 |
|
| 650 | 2 |
_aSelección natural _94474 |
|
| 904 |
_aAC _b043063 |
||
| 905 | _aLibro | ||
| 999 |
_c43061 _d43061 |
||